Effects of labor union to the employees of philip morries fortune tobacco corporation (Record no. 78069)

MARC details
000 -LEADER
fixed length control field 01346nam a22002657a 4500
003 - CONTROL NUMBER IDENTIFIER
control field URS
005 - DATE AND TIME OF LATEST TRANSACTION
control field 20240416235047.0
008 - FIXED-LENGTH DATA ELEMENTS--GENERAL INFORMATION
fixed length control field 240416b |||||||| |||| 00| 0 eng d
050 00 - LIBRARY OF CONGRESS CALL NUMBER
Classification number LG 221.R59 En64
Item number 2015
100 1# - MAIN ENTRY--PERSONAL NAME
Personal name Eno, Jesami E.
Relator term Researcher
245 10 - TITLE STATEMENT
Title <a href="Effects of labor union to the employees of philip morries fortune tobacco corporation">Effects of labor union to the employees of philip morries fortune tobacco corporation</a>
Statement of responsibility, etc Jesami E. Eno ; Penny Rose A. Reyes [and] Marichu R. Simon
260 #1 - PUBLICATION, DISTRIBUTION, ETC. (IMPRINT)
Date of publication, distribution, etc 2015
300 ## - PHYSICAL DESCRIPTION
Extent viii, 52 leaves
Other physical details illustration
Dimensions 28cm
336 ## - CONTENT TYPE
Source rdacontent
Content type term text
337 ## - MEDIA TYPE
Source rdamedia
Media type term unmediated
338 ## - CARRIER TYPE
Source rdacarrier
Carrier type term volume
502 ## - DISSERTATION NOTE
Dissertation note Undergraduate Thesis<br/>
Degree type Bachelor of Science in Business Administration Major in Human Resources Development Management<br/>
Name of granting institution University of Rizal System, Rodriguez, Rizal<br/>
Year degree granted 2015
520 ## - SUMMARY, ETC.
Summary, etc This study aimed to determine the effects of labor union to the employees of Philip Morris Fortune Tobacco Corporation. The study was conducted during the second Semester of School year 2014-2015. The researchers used the questionnaire checklist to gather information and apply the following statistical treatment.
650 ## - SUBJECT ADDED ENTRY--TOPICAL TERM
Source of heading or term Labor union to the employees
700 ## - ADDED ENTRY--PERSONAL NAME
Personal name Eno, Jesami E.
Relator term Researcher
700 ## - ADDED ENTRY--PERSONAL NAME
Personal name Reyes, Penny Rose A.
Relator term Researcher
700 ## - ADDED ENTRY--PERSONAL NAME
Personal name Simon, Marichu R.
Relator term Researcher
700 ## - ADDED ENTRY--PERSONAL NAME
Personal name Cababat, Olivia R.
Relator term Adviser
942 ## - ADDED ENTRY ELEMENTS (KOHA)
Source of classification or shelving scheme Library of Congress Classification
Koha item type Theses and dissertations
Holdings
Withdrawn status Source of classification or shelving scheme Damaged status Not for loan Home library Current library Shelving location Date acquired Total Checkouts Full call number Barcode Date last seen Price effective from Koha item type
  Library of Congress Classification     Rodriguez College Library Rodriguez College Library Undergraduate Theses 04/16/2024   LG 221.R59 En64 2015 URSROD-UGT-HRDM-0598 04/16/2024 04/16/2024 Theses and dissertations

University of Rizal System
Email us at univlibservices@urs.edu.ph

Visit our Website www.urs.edu.ph/library